[Event "Windsor NAYCC U14"]
[Site "Windsor"]
[Date "2016.08.10"]
[Round "6.81"]
[White "Eirew, Milo"]
[Black "Hou, Frank Gui"]
[Result "1/2-1/2"]
[WhiteElo "819"]
[BlackElo "1295"]
[PlyCount "70"]
[EventDate "2016.08.07"]
[EventType "swiss"]
[EventRounds "9"]
[EventCountry "CAN"]
[SourceTitle "EXT 2022"]
[Source "ChessBase"]
[SourceDate "2021.10.06"]
[SourceVersion "1"]
[SourceVersionDate "2021.10.06"]
[SourceQuality "1"]

1. e4 c5 2. Nf3 e6 3. Nc3 Nc6 4. d4 cxd4 5. Nxd4 Bc5 6. Be3 Qb6 7. Ncb5 Kf8 8. c3 e5 9. Nf5 Bxe3 10. Nxe3 a6 11. Nd6 Qxb2 12. Rc1 Qb6 13. Nec4 Qc5 14. Nxc8 Rxc8 15. Qxd7 Rb8 16. Qd6+ Qxd6 17. Nxd6 Nh6 18. Bd3 Ke7 19. Nc4 Rhd8 20. Rd1 b5 21. Ne3 Ke6 22. a3 f6 23. 0-0 Nf7 24. Be2 Nd6 25. f3 Na5 26. Rd2 Nac4 27. Nxc4 Nxc4 28. Bxc4+ bxc4 29. Rxd8 Rxd8 30. Rb1 Rd6 31. Rb4 Rd1+ 32. Kf2 Rd2+ 33. Kg3 Ra2 34. Rb6+ Kf7 35. Rxa6 Rc2 1/2-1/2

[Event "CAN-ch U12"]
[Site "Windsor"]
[Date "2015.07.09"]
[Round "7.67"]
[White "Xu, David1111"]
[Black "Eirew, Milo"]
[Result "1-0"]
[WhiteElo "1107"]
[BlackElo "709"]
[PlyCount "97"]
[EventDate "2015.07.06"]
[EventType "swiss"]
[EventRounds "7"]
[EventCountry "CAN"]
[SourceTitle "EXT 2022"]
[Source "ChessBase"]
[SourceDate "2021.10.06"]
[SourceVersion "1"]
[SourceVersionDate "2021.10.06"]
[SourceQuality "1"]

1. Nf3 Nc6 2. d4 Nf6 3. g3 d5 4. Bg2 e6 5. 0-0 Bd6 6. Nbd2 0-0 7. e3 e5 8. dxe5 Nxe5 9. Nxe5 Bxe5 10. Nf3 Bd6 11. Bd2 Bg4 12. Bc3 Be7 13. Qd2 Ne4 14. Qd3 c5 15. b3 Rc8 16. Ne5 Nxc3 17. Qxc3 Be6 18. Qd2 Bf6 19. f4 Qd6 20. Nc4 Qd7 21. Rad1 Rfd8 22. Ne5 Bxe5 23. fxe5 c4 24. Qf2 cxb3 25. cxb3 Rf8 26. e4 Bh3 27. exd5 b6 28. Bxh3 Qxh3 29. Qg2 Qh6 30. Rfe1 Qg5 31. d6 Rce8 32. Qd5 Kh8 33. Kg2 f6 34. e6 Qxd5+ 35. Rxd5 Rc8 36. e7 Rg8 37. d7 Rc2+ 38. Kh3 Rc5 39. Rxc5 bxc5 40. e8Q h6 41. Qxg8+ Kxg8 42. d8Q+ Kh7 43. Qd7 Kg6 44. Qxa7 Kf5 45. Qxc5+ Kg6 46. g4 Kh7 47. Qf5+ Kg8 48. Qg6 Kf8 49. Re8# 1-0